000 01139nam a2200313 i 4500
001 bg
003 BPK
005 20210825145428.0
008 001011s2000 pl a f |001 0 pol
015 _aPB 2000/19056
020 _a8390702088
040 _cBPK
041 1 _apol
_hger
080 _a69.059
080 _a728.004.5/.6
999 _c37334
_d37334
999 _bIBjk
100 1 _aOswald, Rainer
_eAutor
245 1 0 _aWady i usterki w budynkach :
_brozpoznawanie, zapobieganie, usuwanie /
_cRainer Oswald, Ruth Abel ; z jęz. niem. tł. Kazimierz Dąbrowski.
246 1 _iTyt. oryg.:
_aHinzunehmende Unregelmässigkeiten bei Gebäuden,
_f1998.
260 _aWarszawa :
_b"Instalator Polski",
_c2000.
300 _a124, [4] s. :
_bil. (gł. kolor.) ;
_c22 cm.
504 _aBibliogr. przy rozdz. - Indeks.
650 4 _aBudownictwo mieszkaniowe
_xbłędy.
650 4 _aBudownictwo mieszkaniowe
_xremont.
700 1 _aDąbrowski, Kazimierz
_eTłumaczenie
700 1 _aAbel, Ruth
_eAutor
856 _uhttp://koha.tu.koszalin.pl/cgi-bin/koha/opac-detail.pl?biblionumber=37334
_yKatalog online BPK
942 _2UKD
_cKS